| 000 | 00790nam a2200229 a 4500 | ||
|---|---|---|---|
| 001 | 000020239 | ||
| 005 | 20240412074249.0 | ||
| 008 | 100730s2004 dr r 000 j spa d | ||
| 020 | _a9993484377 | ||
| 040 |
_aDO-SdBNP _bspa _cBNPHU |
||
| 082 |
_aA863.2 _bE18m, 2004 |
||
| 100 | 1 |
_aEcheverría, Esteban, _d1805-1851 _924745 |
|
| 245 | 1 | 3 |
_aEl matadero / _cEsteban Echeverría. |
| 260 |
_aSan Pedro de Macorís, República Dominicana : _bEdiciones D, _c2004. |
||
| 300 |
_a71 p. ; _c17 cm. |
||
| 533 | _aReproducción de la edición publicada en: Argentina: Kapelusz, 1963. | ||
| 500 | _aPrimera edición dominicana | ||
| 590 | _aInventariado, 2019 / DG | ||
| 650 | 4 |
_aCuentos argentinos _93752 |
|
| 650 | 0 |
_aLiteratura dominicana. _967 |
|
| 910 | _aValidado. Control de calidad. MMOLINA | ||
| 999 |
_c19744 _d19744 |
||